banner-ar

THE INCOHERENCE OF THE PHILOSOPHERS = تهافت الفلاسفة / (Record no. 8850)

MARC details
000 -الفاتح
حقل البيانات ثابتة الطول 00770nam a2200241Ia 4500
008 - عناصر البيانات ثابتة الطول - معلومات عامة
حقل البيانات ثابتة الطول 140319s9999 xx 000 0 ara d
020 ## - الرقم الدولى المعيارى للكتب
الرقم الدولى المعيارى للكتاب 0842523510
040 ## - مصدر الفهرسة
وكالة الفهرسة الأصلية GCL /
وكالة النسخ GCL
082 04 - رقم تصنيف ديوى العشرى
رقم التصنيف 297.261
رقم المادة G I
100 1# - المدخل الرئيسى - إسم شخصى
الإسم الشخصى MARMURA, MICHAEL E.
245 10 - بيان العنوان
العنوان THE INCOHERENCE OF THE PHILOSOPHERS = تهافت الفلاسفة /
بيان المسئوليه,etc MARMURA, MICHAEL E.
700 1# - المدخل الاضافى - اسم شخصى
الإسم الشخصى AL-GHAZALI
250 ## - بيان الطبعة
بيان الطبعة 1ST
260 ## - PUBLICATION, DISTRIBUTION, ETC. (IMPRINT)
تاريخ النشر أو التوزيع 1997
300 ## - الوصف المادى
التعداد 24 CM ؛
أبعاد الوعاء 261 P
490 ## - بيان السلسلة
عنوان السلسلة ISLAMIC TRANSLATION SERIES
رقم المجلد/ التعيين التسلسلي 0
650 04 - المدخل الاضافى بالموضوع-مصطلح موضوعى
مصطلح موضوعي PHILOSOPHY - EARLY WORKS TO 1800
650 04 - المدخل الاضافى بالموضوع-مصطلح موضوعى
مصطلح موضوعي METHODOLOGY - EARLY WORKS TO 1800
650 04 - المدخل الاضافى بالموضوع-مصطلح موضوعى
مصطلح موضوعي FAITH AND REASON - ISLAM - EARLY WORKS TO 1800
650 04 - المدخل الاضافى بالموضوع-مصطلح موضوعى
مصطلح موضوعي ISLAM - DOCTRINES
942 ## - عناصر المدخل الإضافي( كوها)
مصدر التصنيف او مخطط الترفيف Dewey Decimal Classification
Koha [default] item type كتاب
260 ## - PUBLICATION, DISTRIBUTION, ETC. (IMPRINT)
-- نيويورك :
-- BRIGHAM YOUNG UNIVERSITY PRESS ،
Holdings
حالة التراجع حالة الفقد حالة تلف ليس للاعارة المكان المؤقت الموقع الحالى تاريخ الاكتساب اجمالي اﻻعارات رقم الطلب الباركود تاريخ اخر مشاهدة تاريخ تفعيل السعر نوع وعاء كوها
        مكتبة القاهرة الكبرى مكتبة القاهرة الكبرى 03/26/2014   297.261\G I 18572 03/26/2014 03/26/2014 كتاب
        مكتبة القاهرة الكبرى مكتبة القاهرة الكبرى 03/26/2014   297.261\G I 18573 03/26/2014 03/26/2014 كتاب

Powered By

EGPV